Estates Governors of Alleyn's College of God's Gift at Dulwich v Williams and another (Record no. 551)
[ view plain ]
| 000 -LEADER | |
|---|---|
| fixed length control field | 01537cab a2200217 4500 |
| 001 - CONTROL NUMBER | |
| control field | ABS50906 |
| 008 - FIXED-LENGTH DATA ELEMENTS--GENERAL INFORMATION | |
| fixed length control field | 090401t1994 xxu||||| |||| 00| 0 eng d |
| 035 ## - SYSTEM CONTROL NUMBER | |
| System control number | (Sirsi) u989 |
| 041 0# - LANGUAGE CODE | |
| Language code of text/sound track or separate title | eng |
| 245 00 - TITLE STATEMENT | |
| Title | Estates Governors of Alleyn's College of God's Gift at Dulwich v Williams and another |
| 260 ## - PUBLICATION, DISTRIBUTION, ETC. | |
| Date of publication, distribution, etc. | 1994 |
| 350 ## - PRICE (NR) (BK AM CF MU VM SE) [OBSOLETE] | |
| Price | 0 |
| 490 #0 - SERIES STATEMENT | |
| Series statement | Estates Gazette |
| Volume/sequential designation | (1994) 23 EG 127-130(4) |
| 520 ## - SUMMARY, ETC. | |
| Summary, etc. | ChD, 14 January 1994. In 1974 an order under Leasehold Reform Act 1967 s19 approved a scheme conferring powers of management on the applicant estate governors (G). This scheme prohibited erection of any new structure, visible at ground level, beyond the boundaries of an enfranchised property without prior approval of G. In 1992 owners of a detached house (W) sought G's consent to construct a 2-car detached garage at the front of the property. At arbitration it was held that the garage would be visible beyond the property boundaries but that G's decision was unreasonable. G appealed on the grounds that the arbitrator had applied the wrong test in making his award. Application allowed, award remitted to the arbitrator on the grounds that they were not entitled to hold on the reasonableness of the case. |
| 650 24 - SUBJECT ADDED ENTRY--TOPICAL TERM | |
| Topical term or geographic name entry element | ALLEYN'S COLLEGE OF GOD'S GIFT AT DULWICH'S ESTATES GOVERNERS V WILLIAMS AND ANOTHER |
| 650 24 - SUBJECT ADDED ENTRY--TOPICAL TERM | |
| Topical term or geographic name entry element | LEASEHOLD REFORM ACT 1967 S9 |
| 651 #4 - SUBJECT ADDED ENTRY--GEOGRAPHIC NAME | |
| Geographic name | England and Wales |
| Chronological subdivision | 1543- |
| 690 ## - LOCAL SUBJECT ADDED ENTRY--TOPICAL TERM (OCLC, RLIN) | |
| Topical term or geographic name as entry element | PROPERTY-RESIDENTIAL PROPERTY-RESIDENTIAL PROPERTY TENURE-LEASEHOLD RESIDENTIAL PROPERTY |
| 942 ## - ADDED ENTRY ELEMENTS (KOHA) | |
| Suppress in OPAC | 0 |
| 948 ## - LOCAL PROCESSING INFORMATION (OCLC); SERIES PART DESIGNATOR (RLIN) | |
| c (OCLC) | 04/03/1997 |
| Withdrawn status | Lost status | Source of classification or shelving scheme | Damaged status | Not for loan | Home library | Current library | Shelving location | Date acquired | Total Checkouts | Full call number | Barcode | Date last seen | Copy number | Price effective from | Koha item type |
|---|---|---|---|---|---|---|---|---|---|---|---|---|---|---|---|
| Dewey Decimal Classification | London | London | Journal article | 14/09/1999 | ABS50906 | 989-1001 | 06/08/2019 | 1 | 06/08/2019 | Law report |